000 00633nam a2200193Ia 4500
003 GCL
008 140319s9999 xx 000 0 ara d
040 _aGCL /
_cGCL
082 0 4 _a306.46
_bن ق
100 1 _aنبيل على
245 1 0 _aقضايا عصرية - رؤية معلوماتية :
_bنموذج للكتابة عبر التخصصية /
_cنبيل على
250 _aالاولى
260 _aالقاهرة :
_bدار العين للنشر ،
_c2006
300 _a220 ص ؛
_c24 سم
650 0 4 _aالسامية
650 0 4 _aتكنولوجيا المعلومات
650 0 4 _aالعولمة
942 _2ddc
_cBK
999 _c9773
_d9773